[Event "Regionalliga NW 1617"]
[Site "Bayern"]
[Date "2017.04.02"]
[Round "8.3"]
[White "Carl, Thomas"]
[Black "Schatz, Christian"]
[Result "1/2-1/2"]
[WhiteElo "1880"]
[BlackElo "2153"]
[PlyCount "45"]
[EventDate "2016.10.16"]
[EventType "team-tourn"]
[EventRounds "9"]
[EventCountry "GER"]
[SourceTitle "EXT 2019"]
[Source "ChessBase"]
[SourceDate "2018.10.10"]
[SourceVersion "1"]
[SourceVersionDate "2018.10.10"]
[SourceQuality "1"]
[WhiteTeam "Weidhausen"]
[BlackTeam "Wuerzburg"]
[WhiteTeamCountry "GER"]
[BlackTeamCountry "GER"]

1. Nf3 Nf6 2. d3 d5 3. Nbd2 c5 4. c3 Nc6 5. e4 e5 6. Qc2 Be7 7. Be2 0-0 8. a3 a5 9. Nf1 h6 10. Ng3 Be6 11. 0-0 Qc7 12. Bd2 a4 13. Rae1 dxe4 14. dxe4 Rfd8 15. Nf5 Bf8 16. Ne3 Bb3 17. Qb1 Be6 18. Bc4 Bxc4 19. Nxc4 b5 20. Ne3 Na5 21. c4 Nxc4 22. Nxc4 bxc4 23. Bc3 1/2-1/2